000 00434nam a2200157 4500
001 144686
003 ES-MaACL
005 20230906201057.0
007 t|
008 070214s1934 xxk r ||||1| eng d
100 1 _aSnowden, Philip.
_9106971
245 1 0 _aAn autobiography /
_cby Philip Snowden.
260 _aLondon :
_bIvor Nicholson and Watson,
_c1934.
300 _a2 v. :
_bil. ;
_c24 x 14 cm.
852 _aES-MaACL
_jA-3393-94
999 _c144686
_d144686